00372nam a2200157Ia 45000010006000000050017000060080041000230410008000640820016000721000028000882450041001162600009001573000032001666500008001986540008002061392420260306164836.0260306t1998||||xx |||||||||||||| ||spa|| aESP a005.72bP63 aPitoura, EvaggeliaeAUT 0aData management for mobile computing c1998 aix, 157 páginas :c23 cm. aGEN aCCC